Colour magazín

Bibliographic Details
Previous Title:Yours magazín
Other Authors: Šujetová, Tatiana (Publishing director)
Format: Journal
Language:Slovak
English
PhysicalDescription:7 zv. 21-30 cm
Published: Košice Tatiana Šujetová-agentúra COLOUR 2007-2012, 2014
Košice Tatiana Šujetová - International Colour
ISSN:1337-6209
1337-3293
Subjects:
Online Access:http://www.colour.sk/sk/publikovanie

MARC

LEADER 00000cas a2200000 a 4500
001 vtls009284854
003 SK-MaSNL
005 20260228161453.0
008 170526d20072014xo fr|p 0 b0slo
022 |a 1337-6209 
040 |a SNK  |b slo  |c SNK  |d SVKPO  |e AACR2 
041 0 |a slo  |a eng 
044 |a xo  |c SK 
072 7 |a 316.7  |x Sociológia kultúry. Kultúrny život  |2 konspekt 
072 7 |a 316  |x Sociológia  |2 konspekt 
080 |a 379.8  |2 2001 
080 |a 316.7  |2 2011 
080 |a 316.728  |2 2011 
210 0 |a Colour mag. 
222 0 |a Colour magazín 
245 0 0 |a Colour magazín 
246 1 3 |a Colour 
246 1 3 |a Colour magazine international  |f 2014 
246 1 3 |a Colour magazine  |f 2012 
260 |a Košice  |b Tatiana Šujetová-agentúra COLOUR  |c 2007-2012, 2014 
260 3 |3 2014  |a Košice  |b Tatiana Šujetová - International Colour 
300 |a 7 zv.  |c 21-30 cm 
310 |a 2x ročne  |b 2014 
321 |a Nepravidelne  |b 2007-2012 
362 0 |a Roč. 1, č. 10-11 (okt./nov. 2007)-roč. 5 (2012) ; roč. 1, č. 1 (2014) 
500 |a Od r. 2011 rozmer zv. 30 cm 
500 |a Evidenčné číslo: EV 5055/14 
500 |a Reg. č. MK SR: RP 341/2007 
500 |a Šéfredaktor: 2007-2012, 2014, Tatiana Šujetová 
515 |a V r. 2013 titul nevydali 
515 |a Od r. 2008 chybné označenie ročníkov, v r. 2014 začali ročníkovať nanovo 
515 |a S posledným číslom vychádza prvé číslo nasledujúceho roka 
546 |a Text aj v angl. 
650 0 7 |a kultúra  |2 SNKPH  |9 886 
650 0 7 |a spoločenský život  |2 SNKPH  |9 28654 
655 7 |a spoločenské časopisy  |2 SNKPH  |9 70515 
700 1 |a Šujetová, Tatiana  |4 pbd  |9 268679 
780 0 0 |t Yours magazín  |x 1337-3293 
856 4 1 |u http://www.colour.sk/sk/publikovanie 
910 |a snk 
916 |a 2007-2011, 2014 
999 |c 5463  |d 7393 
952 |0 0  |1 0  |4 0  |7 0  |8 0  |a SNK  |b SNK  |d 2017-04-11  |f 1  |i snk2017/8703  |l 0  |o snkČSC 3699/1/2007-2008  |p 17A1205948  |r 2026-02-21 21:04:04  |t č. 10-12/1  |w 2026-02-21  |y PREZ  |z Na dok. je č. 12/1 ozn. ako dec./jan 
952 |0 0  |1 0  |4 0  |7 0  |8 0  |a SNK  |b SNK  |d 2017-04-11  |f 1  |i snk2017/8744  |l 0  |o snkČSC 3699/2[3]/2010  |p 17A1205950  |r 2026-02-21 21:15:30  |t č. leto-jeseň  |w 2026-02-21  |y PREZ 
952 |0 0  |1 0  |4 0  |7 0  |8 0  |a SNK  |b SNK  |d 2017-04-11  |f 1  |i snk2017/8729  |l 0  |o snkČSC 3699/1[2]/2008-2009  |p 17A1205949  |r 2026-02-21 21:15:30  |t č. febr.-zima/jar  |w 2026-02-21  |y PREZ 
952 |0 0  |1 0  |4 0  |7 0  |8 0  |a SNK  |b SNK  |d 2017-04-11  |f 1  |i snk2017/8767  |l 0  |o snkČSC 3699/3[4]/2011  |p 17A1205951  |r 2026-02-21 22:04:22  |t č. 1  |w 2026-02-21  |y PREZ 
952 |0 0  |1 0  |4 0  |7 0  |8 0  |a SNK  |b SNK  |d 2017-05-25  |f 1  |i snk2017/12214  |l 0  |o snkČSC 3699/1/2014  |p 17A1207139  |r 2026-02-21 22:17:51  |t č. 1  |w 2026-02-21  |y PREZ 
952 |0 0  |1 0  |4 0  |7 0  |8 0  |a SNK  |b SNK  |d 2017-05-25  |i snk2017/12218  |l 0  |o snkČSC 3699/1/2014 D1  |p 17A1207140  |r 2026-02-21 22:17:51  |t č. 1  |w 2026-02-21  |y PREZ